| 000 | 00501nam a2200193Ia 4500 | ||
|---|---|---|---|
| 005 | 20240913125706.0 | ||
| 008 | 240913s9999||||xx |||||||||||||| ||und|| | ||
| 020 | _a81-239-1163-7 | ||
| 041 | _aENGLISH | ||
| 082 | _A618.92 P6 | ||
| 100 | _aGhai O P Eds. & et al. | ||
| 245 | 0 | _aEssential Pediatrics | |
| 250 | _a6th | ||
| 260 |
_c2006 _bCBS Publishers and Distributor (P) Ltd,Ch |
||
| 500 | _aREFERENCE | ||
| 650 |
_aEssential Pediatrics _bBio Medical Engg. |
||
| 942 | _cREF | ||
| 999 |
_c246069 _d246069 |
||